| 000 | 00000nam##2200000za#4500 |
| 001 | 9.629110 |
| 003 | CaOODSP |
| 005 | 20210615110203 |
| 007 | ta |
| 008 | 150406|2014||||xxc||||| f|0| 0 fre|d |
| 020 | |a978-0-660-22906-5 |
| 022 | |a0821-8129 |
| 040 | |aCaOODSP|bfre |
| 043 | |an-cn--- |
| 086 | 1 |aFA1-2014/2-6F |
| 110 | 1 |aCanada. |bBureau du vérificateur général. |
| 245 | 10|aRapport du vérificateur général du Canada. Chapitre 6, : |bNutrition Nord Canada - Affaires autochtones et Développement du Nord Canada |
| 260 | |aOttawa - Ontario : |bBureau du vérificateur général du Canada |
| 300 | |aiii, 23p. : |bfigures, tableaux ; |c28 cm. |
| 490 | 1 |aRapport de la vérificatrice générale du Canada à la Chambre des communes|x0821-8129|vAutomne 2014 |
| 520 | 3 |aL’audit visait à déterminer si Affaires autochtones et Développement du Nord Canada gérait son programme Nutrition Nord Canada de façon à : respecter son objectif de rendre les aliments sains plus accessibles et plus abordables pour les collectivités isolées du Nord; obtenir l’information nécessaire pour permettre au Ministère de démontrer que l’intégralité des contributions est transférée aux consommateurs. |
| 563 | |aCouverture souple |
| 590 | |a15-03|b2015-01-16 |
| 775 | 08|tReport of the Auditor General of Canada. Chapter 6, : |w(CaOODSP)9.620557 |
| 776 | 0#|tRapport du vérificateur général du Canada. Chapitre 6, : |w(CaOODSP)9.607909 |
| 830 | #0|aRapport de la vérificatrice générale du Canada à la Chambre des communes,|x0821-8129|vAutomne 2014|w(CaOODSP)9.514053 |